¿Quién canta la canción? (series infancia) - Estadísticas

Estadísticas generales
  • Esta prueba ha sido intentada 157 veces
  • La puntuación promedio es 7 de 21
Estadísticas de respuestas
Canción Serie Personajes % Correcto
Ardillas en las mallas Phineas y Ferb Candace
85%
Abuelito dime tú Heidi Heidi
85%
Double Take Austin y Ally Austin Moon
63%
¿Qué soy para ti? Hora de aventuras Finn el humano
62%
Una isla muy chachi Hora de aventuras Jake
59%
Best of both worlds Hannah Montana Hannah Montana
56%
Soy tu problema Hora de aventuras Marceline
50%
Mujer Gigante Steven Universe Steven
50%
Voy por ti Violetta León
47%
Más fuerte que tú Steven Universe Granate
35%
Tango Llorón Patito feo Las Divinas
24%
Me acuerdo de ti Hora de aventuras El rey hielo y Marceline
16%
Can We Dance Jessie The Vamps
10%
Un ornitorrinco controlándome Phineas y Ferb Heinz Doofenshmirtz
9%
Cometa Steven Universe Greg Universe
7%
Estar triste, ¿para qué? Steven Universe Diamante amarillo
5%
Cruzar más allá (Crossing the line) Enredados otra vez Varian y Cassandra
4%
Aves de presa El intrépido Batman Huntress, Catwoman, Black Canary
3%
No tengo ritmo Phineas y Ferb Sherman
3%
Repanocha Historias corrientes Todos
3%
Summertime Loving, Loving in the Summer (Time) Historias corrientes Solid Bold, el casette
1%
No se encontraron pruebas coincidentes
Distribución de puntuación
Porcentaje de gente con cada puntuación
Porcentaje por número respondido
Historial de tus puntuaciones
No has intentado esta prueba.